000 00528nam a22001817a 4500
003 UA-OsUOA
001 11049
007 ta
008 20050221b un ||||| |||| 00| 0 ukr d
100 _aЛитвин О.
942 _cSA
040 _aUA-OsUOA
_cUA-OsUOA
_dUA-OsUOA
245 _aКримінально-правовий захист екологічної безпеки
300 _aС.23-27
955 _a0
773 0 _w0
_tПраво України
_dКиїв
_d2005
_gN2
650 7 _aКримінальне право
_2UDC
999 _c297210
_d297210